[Event "II Weekend A"]
[Site "Asolo ITA"]
[Date "2002.01.26"]
[Round "3"]
[White "Raineri, Valerio"]
[Black "Topalovic, Zlatko"]
[Result "0-1"]
[WhiteElo "2175"]
[BlackElo "2223"]
[PlyCount "68"]
[EventDate "2002.01.25"]

1. e4 d6 2. d4 Nd7 3. Nc3 e5 4. Nf3 Ngf6 5. Bc4 Be7 6. O-O O-O 7. Qe2 c6 8. a4
a5 9. Rd1 exd4 10. Nxd4 Nc5 11. e5 Ne8 12. f4 d5 13. Bd3 Qb6 14. Kh1 f5 15. Nb1
Nc7 16. c3 g6 17. Be3 Bd7 18. Qc2 Nxd3 19. Rxd3 c5 20. Ne2 Bc6 21. Nd2 Ne6 22.
Nf3 Rfd8 23. Rad1 Rac8 24. Bf2 Qa6 25. R3d2 d4 26. cxd4 cxd4 27. Qb3 Bd5 28.
Qb5 Qxb5 29. axb5 Bb3 30. Rc1 Bb4 31. Rxc8 Rxc8 32. Nexd4 Bxd2 33. Nxb3 Bb4 34.
g3 Rc2 0-1

[Event "II Weekend A"]
[Site "Asolo ITA"]
[Date "2002.01.26"]
[Round "3"]
[White "Solinas, Carlo"]
[Black "Popa, Claudiu"]
[Result "0-1"]
[WhiteElo "2058"]
[BlackElo "2068"]
[PlyCount "86"]
[EventDate "2002.01.25"]

1. e4 e5 2. Nf3 Nc6 3. d4 exd4 4. Bc4 Nf6 5. O-O Nxe4 6. Re1 d5 7. Bxd5 Qxd5 8.
Nc3 Qa5 9. Nxe4 Be6 10. Bd2 Qb6 11. Bg5 h6 12. Bh4 Be7 13. Bxe7 Kxe7 14. Qd3
Nb4 15. Qxd4 Qxd4 16. Nxd4 Rhd8 17. Rad1 Rxd4 18. Rxd4 Nxc2 19. Red1 Nxd4 20.
Rxd4 Rd8 21. Rxd8 Kxd8 22. a3 Bf5 23. Nd2 Kd7 24. f3 Kd6 25. Kf2 Kd5 26. Ke3 c5
27. g4 Bc2 28. f4 a5 29. h4 b5 30. Nf3 Bd1 31. Nh2 h5 32. gxh5 Bxh5 33. Nf1 b4
34. Ng3 Bg4 35. Ne4 c4 36. axb4 axb4 37. Nf2 Bf5 38. h5 c3 39. bxc3 bxc3 40.
Nh1 c2 41. Kd2 Ke4 42. Kxc2 Kf3+ 43. Kd2 Kg2 0-1

[Event "II Weekend A"]
[Site "Asolo ITA"]
[Date "2002.01.27"]
[Round "4"]
[White "Alberton, Roberto"]
[Black "Cacco, Christian"]
[Result "0-1"]
[WhiteElo "2112"]
[BlackElo "2254"]
[PlyCount "92"]
[EventDate "2002.01.25"]

1. e4 d6 2. d4 g6 3. Nc3 Bg7 4. Be3 a6 5. Qd2 b5 6. f3 Bb7 7. a4 c6 8. axb5
cxb5 9. Bd3 Nd7 10. Nge2 Rc8 11. O-O Ngf6 12. Bh6 O-O 13. Bxg7 Kxg7 14. Kh1 Qb6
15. f4 b4 16. Na4 Qc7 17. d5 a5 18. c4 bxc3 19. Nexc3 Nc5 20. Nxc5 Qxc5 21. Nb5
Nxe4 22. Bxe4 Qxb5 23. Qxa5 Rc5 24. b4 Qxa5 25. Rxa5 Rc4 26. Bf3 Rxb4 27. Re1
Rc8 28. Ra7 Kf8 29. h3 Ra8 30. Rxa8+ Bxa8 31. Rc1 Kg7 32. Rc8 Ra4 33. g3 Ra5
34. Kg2 Bxd5 35. Bxd5 Rxd5 36. g4 Rd3 37. g5 h6 38. Ra8 e5 39. fxe5 dxe5 40. h4
hxg5 41. hxg5 e4 42. Ra5 Rf3 43. Re5 Rf5 44. Rxe4 Rxg5+ 45. Kf2 Ra5 46. Rb4 g5
0-1

[Event "II Weekend A"]
[Site "Asolo ITA"]
[Date "2002.01.27"]
[Round "4"]
[White "Doric, Darko"]
[Black "Popa, Claudiu"]
[Result "1-0"]
[WhiteElo "2253"]
[BlackElo "2068"]
[PlyCount "51"]
[EventDate "2002.01.25"]

1. d4 d5 2. c4 dxc4 3. Nf3 Nf6 4. e3 e6 5. Bxc4 c5 6. O-O a6 7. Bb3 b5 8. a4 c4
9. Bc2 Bb7 10. b3 cxb3 11. Bxb3 Bd6 12. Nbd2 Qc7 13. Bb2 Nbd7 14. axb5 axb5 15.
Qe2 O-O 16. Qxb5 Rfb8 17. Qd3 Rxa1 18. Bxa1 Qb6 19. Bc4 Nd5 20. Ng5 N7f6 21. e4
Nf4 22. Qe3 h6 23. Ngf3 Ng4 24. Qe1 Bc7 25. h3 Nf6 26. e5 1-0

[Event "II Weekend A"]
[Site "Asolo ITA"]
[Date "2002.01.27"]
[Round "4"]
[White "Lain, Luigi"]
[Black "Mufic, Goran"]
[Result "0-1"]
[WhiteElo "2164"]
[BlackElo "2341"]
[PlyCount "124"]
[EventDate "2002.01.25"]

1. d4 d5 2. c4 Bf5 3. Bf4 e6 4. e3 c6 5. Bd3 Bxd3 6. Qxd3 Nf6 7. Nc3 Bd6 8.
Bxd6 Qxd6 9. Nf3 Nbd7 10. O-O O-O 11. Rac1 Rfe8 12. Rfd1 Rad8 13. cxd5 exd5 14.
Qb1 a5 15. h3 Ne4 16. Nxe4 Rxe4 17. Ng5 Rh4 18. Qf5 Rf8 19. Rc3 g6 20. Qc2 f6
21. Nf3 Re4 22. Ra3 Ra8 23. Qc3 a4 24. Nd2 Re6 25. Qc2 Qb4 26. Qc3 Qd6 27. Qc2
Qb4 28. Qc3 Qxc3 29. Rxc3 Kf7 30. Ra3 Ree8 31. g3 Ke6 32. Kg2 Kd6 33. Rc3 Ra5
34. h4 Rb5 35. Rc2 b6 36. g4 c5 37. Nf3 c4 38. Nd2 Ra5 39. g5 b5 40. a3 Ra7 41.
Kf3 fxg5 42. hxg5 Nf8 43. Kg3 Ne6 44. f4 Ng7 45. Re1 Nf5+ 46. Kf2 Rae7 47. Rc3
Nxd4 48. Rd1 Nf5 49. e4 Rxe4 50. Nxe4+ Rxe4 51. Kf3 Nd4+ 52. Kg4 Ne6 53. Rf3 d4
54. Rf2 d3 55. Rh1 b4 56. axb4 a3 57. bxa3 c3 58. Kf3 Kd5 59. b5 Nd4+ 60. Kg4
Nxb5 61. Rf3 d2 62. Rd1 Rd4 0-1

[Event "II Weekend A"]
[Site "Asolo ITA"]
[Date "2002.01.27"]
[Round "4"]
[White "Naumkin, Igor"]
[Black "Pietrobon, Fabio"]
[Result "1-0"]
[WhiteElo "2441"]
[BlackElo "1969"]
[PlyCount "51"]
[EventDate "2002.01.25"]

1. d4 Nf6 2. Nf3 g6 3. c4 Bg7 4. Nc3 d6 5. e4 O-O 6. Be2 e5 7. d5 a5 8. Bg5 h6
9. Bh4 Na6 10. O-O Bd7 11. Nd2 Qe8 12. b3 Nh7 13. a3 b6 14. Rb1 Ng5 15. f3 f5
16. b4 axb4 17. axb4 Nf7 18. Qb3 g5 19. Bf2 f4 20. Ra1 Qc8 21. Ra3 h5 22. Rfa1
Qb7 23. c5 bxc5 24. bxc5 Nxc5 25. Qxb7 Rxa3 26. Qb2 1-0

[Event "II Weekend A"]
[Site "Asolo ITA"]
[Date "2002.01.27"]
[Round "4"]
[White "Pojer, Romeo"]
[Black "Solinas, Carlo"]
[Result "1/2-1/2"]
[WhiteElo "2116"]
[BlackElo "2058"]
[PlyCount "53"]
[EventDate "2002.01.25"]

1. e4 e5 2. Nf3 Nc6 3. Bb5 f5 4. Nc3 fxe4 5. Nxe4 d5 6. Nxe5 dxe4 7. Nxc6 Qd5
8. c4 Qd6 9. Qh5+ g6 10. Qe5+ Qxe5 11. Nxe5+ c6 12. Ba4 Bg7 13. d4 exd3 14. Bf4
Nf6 15. Nxd3 Bf5 16. O-O-O O-O-O 17. Bc2 Rd4 18. Be5 Rxc4 19. Kb1 Re8 20. f4
Rxe5 21. fxe5 Ng4 22. Rd2 Bh6 23. Re2 Ne3 24. Ne1 Nxc2 25. Nxc2 Bd3 26. Rhe1
Bxe2 27. Rxe2 1/2-1/2

[Event "II Weekend A"]
[Site "Asolo ITA"]
[Date "2002.01.27"]
[Round "4"]
[White "Topalovic, Zlatko"]
[Black "Navarro, Stefano"]
[Result "1-0"]
[WhiteElo "2223"]
[BlackElo "2148"]
[PlyCount "78"]
[EventDate "2002.01.25"]

1. e4 e5 2. Nf3 Nc6 3. Bb5 f5 4. Bxc6 dxc6 5. Qe2 Qe7 6. Nc3 Nf6 7. d3 fxe4 8.
Nxe4 Bg4 9. Bg5 Qe6 10. h3 Bxf3 11. Qxf3 Be7 12. Bxf6 Bxf6 13. Qh5+ Qf7 14. Qg4
O-O 15. O-O Be7 16. Rfe1 Rae8 17. Re3 Bd6 18. h4 Qe7 19. Rg3 Rf4 20. Qg5 Qf7
21. Rg4 Be7 22. Rxf4 exf4 23. Qg4 Rf8 24. a4 h6 25. a5 c5 26. b3 a6 27. Ra4 Bd6
28. Nd2 Re8 29. Re4 Rf8 30. Nc4 Be7 31. Kf1 Kh7 32. h5 Bg5 33. Qf3 Qf6 34. Re5
c6 35. Qe4+ Kh8 36. Rxc5 f3 37. gxf3 Qa1+ 38. Kg2 Qc3 39. d4 Bf6 1-0

[Event "II Weekend A"]
[Site "Asolo ITA"]
[Date "2002.01.27"]
[Round "4"]
[White "Zanin, Dario"]
[Black "Opacic, Alexandar"]
[Result "1-0"]
[WhiteElo "2036"]
[BlackElo "2112"]
[PlyCount "61"]
[EventDate "2002.01.25"]

1. e4 c5 2. Nf3 d6 3. d4 cxd4 4. Nxd4 Nf6 5. Nc3 a6 6. Be2 g6 7. Be3 Bg7 8. f3
Nc6 9. Qd2 O-O 10. O-O-O Qc7 11. g4 b5 12. g5 Nxd4 13. Bxd4 Nh5 14. Nd5 Qb7 15.
Bxg7 Nxg7 16. h4 Be6 17. Nf4 Rfc8 18. Kb1 Rc5 19. Rdg1 Rac8 20. Bd1 b4 21. h5
Qb5 22. Nxe6 Nxe6 23. hxg6 fxg6 24. Qh2 Nf8 25. f4 e6 26. f5 exf5 27. exf5 b3
28. axb3 Qxb3 29. cxb3 Rc1+ 30. Ka2 R8c5 31. b4 1-0

[Event "II Weekend A"]
[Site "Asolo ITA"]
[Date "2002.01.27"]
[Round "5"]
[White "Cacco, Christian"]
[Black "Doric, Darko"]
[Result "1/2-1/2"]
[WhiteElo "2254"]
[BlackElo "2253"]
[PlyCount "49"]
[EventDate "2002.01.25"]

1. d4 d5 2. Nf3 Nf6 3. c4 e6 4. Bg5 Nbd7 5. Nc3 Be7 6. e3 O-O 7. Qc2 c6 8. Rd1
a6 9. a3 b5 10. c5 h6 11. h4 a5 12. b4 Ng4 13. Bf4 f5 14. Bg3 Ndf6 15. Bd3 Ne4
16. Bxe4 fxe4 17. Ne5 Nxe5 18. dxe5 Bd7 19. Qb2 Qc7 20. Bf4 Ra7 21. Ke2 Qd8 22.
f3 Bxh4 23. fxe4 Bg5 24. g3 Qe7 25. Rh2 1/2-1/2

[Event "II Weekend A"]
[Site "Asolo ITA"]
[Date "2002.01.27"]
[Round "5"]
[White "Navarro, Stefano"]
[Black "Alberton, Roberto"]
[Result "1-0"]
[WhiteElo "2148"]
[BlackElo "2112"]
[PlyCount "86"]
[EventDate "2002.01.25"]

1. e4 e6 2. d3 d5 3. Nd2 Nf6 4. g3 c5 5. Bg2 Nc6 6. Ne2 Be7 7. O-O O-O 8. a4 b6
9. Re1 Bb7 10. Nc3 d4 11. Ne2 e5 12. Nc4 a6 13. f4 Nd7 14. Bh3 b5 15. axb5 axb5
16. Rxa8 Bxa8 17. Na3 exf4 18. Nxf4 b4 19. Nc4 Nde5 20. b3 Bg5 21. Rf1 Bb7 22.
Qh5 g6 23. Qe2 Re8 24. Qf2 Kg7 25. Nd5 Bxc1 26. Rxc1 Nxc4 27. bxc4 Ne5 28. Rf1
Bxd5 29. cxd5 Qe7 30. Ra1 Rd8 31. Ra6 Rd6 32. Rxd6 Qxd6 33. Kh1 Qf6 34. Qe2 h5
35. Kg2 Kf8 36. Qd1 Ke7 37. Qa1 Qf3+ 38. Kg1 Qe3+ 39. Kh1 Nf3 40. Qf1 Qe1 41.
Kg2 Qxf1+ 42. Kxf1 Kd6 43. Ke2 Ng5 1-0

[Event "II Weekend A"]
[Site "Asolo ITA"]
[Date "2002.01.27"]
[Round "5"]
[White "Opacic, Alexandar"]
[Black "Raineri, Valerio"]
[Result "1/2-1/2"]
[WhiteElo "2112"]
[BlackElo "2175"]
[PlyCount "115"]
[EventDate "2002.01.25"]

1. e4 e5 2. Nf3 Nc6 3. Bb5 a6 4. Ba4 Nf6 5. O-O Be7 6. Qe2 b5 7. Bb3 O-O 8. c3
d6 9. h3 Na5 10. Bc2 c5 11. d3 Nc6 12. Re1 Re8 13. Nbd2 Nd7 14. Nf1 Nf8 15. Ne3
Ne6 16. Nd5 Bf8 17. Be3 Nc7 18. Nb6 Rb8 19. Nxc8 Rxc8 20. a4 h6 21. Rad1 Qf6
22. d4 Red8 23. d5 Ne7 24. b4 c4 25. Nh2 Ne8 26. Bb6 Rd7 27. axb5 axb5 28. Ra1
Rb7 29. Be3 Rcb8 30. Ra5 Nc8 31. Rea1 Nc7 32. Nf1 g6 33. Qg4 h5 34. Qe2 Kh7 35.
Kh2 Bh6 36. Bxh6 Kxh6 37. Qe3+ Qf4+ 38. g3 Qxe3 39. Nxe3 Ne7 40. f4 f6 41. fxe5
fxe5 42. Kg2 Kg7 43. Ra7 Nc8 44. Rxb7 Rxb7 45. g4 hxg4 46. Nxg4 Ra7 47. Rxa7
Nxa7 48. Bd1 Ne8 49. Kf3 Nc8 50. Ke3 Nb6 51. Nf2 Nf6 52. Bg4 Nxg4+ 53. Nxg4 Na4
54. Kd2 Nb2 55. h4 Nd3 56. Ke2 Nc1+ 57. Kd2 Nd3 58. Ke2 1/2-1/2

[Event "II Weekend A"]
[Site "Asolo ITA"]
[Date "2002.01.27"]
[Round "5"]
[White "Pietrobon, Fabio"]
[Black "Topalovic, Zlatko"]
[Result "1/2-1/2"]
[WhiteElo "1969"]
[BlackElo "2223"]
[PlyCount "132"]
[EventDate "2002.01.25"]

1. d4 Nf6 2. Nf3 c5 3. c3 cxd4 4. cxd4 d5 5. Bf4 Nc6 6. Nc3 Qb6 7. Na4 Qa5+ 8.
Bd2 Qd8 9. e3 e6 10. Bb5 Bd6 11. O-O O-O 12. Bxc6 bxc6 13. Qc2 Bd7 14. Nc5 Bxc5
15. Qxc5 Ne4 16. Qc2 f6 17. Bb4 Re8 18. Nd2 Nxd2 19. Qxd2 a5 20. Bc5 e5 21. f4
exf4 22. exf4 Bf5 23. Rfe1 Be4 24. Re3 Qd7 25. b3 Qf5 26. Qf2 a4 27. b4 Kf7 28.
Rc1 Bd3 29. Rce1 Re4 30. h3 h5 31. Rxe4 dxe4 32. a3 Qd5 33. f5 Rh8 34. Qf4 Qd7
35. Rc1 h4 36. Qg4 Rh6 37. d5 Qxd5 38. Be3 g5 39. fxg6+ Rxg6 40. Qxh4 Be2 41.
Kh1 Rg7 42. Qf2 Bb5 43. Bd4 Qe6 44. Rc5 Rg6 45. Rf5 e3 46. Bxe3 Bd3 47. Rf3 Be4
48. Rg3 Rxg3 49. Qxg3 Qf5 50. Bf4 Ke6 51. Kh2 Kd5 52. Qg8+ Kd4 53. Qg3 Kc4 54.
Qe3 Qd5 55. g4 Bd3 56. g5 fxg5 57. Bxg5 Kb3 58. b5 Qxb5 59. Be7 Qd5 60. h4 Qe4
61. Qxe4 Bxe4 62. Kg3 Kc4 63. Kf4 Kd4 64. Bf8 Kd3 65. Be7 Bh7 66. Bf6 Be4
1/2-1/2

[Event "II Weekend A"]
[Site "Asolo ITA"]
[Date "2002.01.27"]
[Round "5"]
[White "Popa, Claudiu"]
[Black "Zanin, Dario"]
[Result "1/2-1/2"]
[WhiteElo "2068"]
[BlackElo "2036"]
[PlyCount "41"]
[EventDate "2002.01.25"]

1. e4 e5 2. Nc3 Nc6 3. Bc4 Nf6 4. d3 Bc5 5. Nf3 d6 6. h3 h6 7. Na4 Bb6 8. Nxb6
axb6 9. a3 O-O 10. O-O Ne7 11. Qe2 Ng6 12. Nh2 Qe7 13. Bd2 Bd7 14. Bb3 Kh7 15.
Rae1 Ng8 16. f4 exf4 17. Bxf4 Nxf4 18. Rxf4 Nf6 19. Rff1 Qe5 20. c3 Rae8 21.
Nf3 1/2-1/2

[Event "II Weekend A"]
[Site "Asolo ITA"]
[Date "2002.01.27"]
[Round "5"]
[White "Solinas, Carlo"]
[Black "Lain, Luigi"]
[Result "1-0"]
[WhiteElo "2058"]
[BlackElo "2164"]
[PlyCount "45"]
[EventDate "2002.01.25"]

1. e4 e5 2. Nf3 Nc6 3. d4 exd4 4. Bc4 Nf6 5. O-O Nxe4 6. Re1 d5 7. Bxd5 Qxd5 8.
Nc3 Qa5 9. Nxe4 Be6 10. Bd2 Bb4 11. Nxd4 Nxd4 12. c3 Be7 13. cxd4 Qd5 14. Rc1
c6 15. Bg5 Bxg5 16. Rc5 Qxa2 17. Rxg5 O-O 18. Nf6+ Kh8 19. Qd3 gxf6 20. Rh5 f5
21. Qh3 Kg8 22. Rxh7 f6 23. Qh6 1-0

[Event "C.to Regionale Molise"]
[Site "Campobasso ITA"]
[Date "2002.01.13"]
[Round "3"]
[White "Damiano, Giuseppe"]
[Black "Petruccioli, Antonio"]
[Result "1/2-1/2"]
[WhiteElo "1930"]
[BlackElo "2078"]
[PlyCount "37"]
[EventDate "2002.01.13"]

1. e4 c5 2. Nf3 e6 3. d4 cxd4 4. Nxd4 Nf6 5. Nc3 Bb4 6. e5 Nd5 7. Bd2 Nxc3 8.
bxc3 Be7 9. Qg4 g6 10. h4 d6 11. h5 g5 12. Bb5+ Kf8 13. exd6 Qxd6 14. Bxg5 Bxg5
15. Qxg5 Rg8 16. Qh6+ Ke7 17. O-O-O Qe5 18. Kb1 a6 19. f4 1/2-1/2

[Event "C.to Regionale Molise"]
[Site "Campobasso ITA"]
[Date "2002.01.20"]
[Round "5"]
[White "Grimaldi, Pasquale"]
[Black "Petruccioli, Antonio"]
[Result "0-1"]
[WhiteElo "1675"]
[BlackElo "2078"]
[PlyCount "52"]
[EventDate "2002.01.13"]

1. Nf3 c5 2. b3 d5 3. Bb2 Nc6 4. e3 e6 5. Be2 Nf6 6. O-O Bd6 7. d3 e5 8. Nbd2
O-O 9. e4 d4 10. Nc4 b5 11. Nxd6 Qxd6 12. Bc1 c4 13. bxc4 bxc4 14. Nh4 c3 15.
f4 a5 16. a4 Re8 17. fxe5 Nxe5 18. Bf4 Ra6 19. Nf3 Nxf3+ 20. Rxf3 Qc5 21. Rg3
Nd7 22. Bg4 Ne5 23. Bxc8 Qxc8 24. Bxe5 Rxe5 25. Qc1 Rb6 26. Rf3 26... Qb7 {...}
0-1

[Event "VIII Festival A"]
[Site "Verona ITA"]
[Date "2002.01.02"]
[Round "1"]
[White "Berni, Giorgio"]
[Black "Rossi, Carlo"]
[Result "1-0"]
[WhiteElo "2160"]
[BlackElo "2355"]
[PlyCount "81"]
[EventDate "2002.01.02"]

1.e4 c5 2.Nf3 a6 3.c3 d6 4.d4 Nd7 5.a4 e6 6.Bc4 Qc7 7.Nbd2 Be7 8.O-O g5 9.
b4 cxb4 10.cxb4 g4 11.Ne1 Ngf6 12.Qe2 d5 13.exd5 exd5 14.Bd3 O-O 15.Bxh7+ 
Kg7 16.Bf5 Bd6 17.g3 Re8 18.Qd3 Nf8 19.Nc2 Be6 20.Rb1 Rac8 21.Ne3 Qd7 22.
b5 a5 23.f3 Qc7 24.fxg4 Ng6 25.Kg2 Rh8 26.Nf3 Rce8 27.Bd2 Qb8 28.Ng5 Rxh2+
29.Kxh2 Bxg3+ 30.Kg1 Bh2+ 31.Kf2 Qf4+ 32.Ke2 Qxg5 33.Kd1 Nf4 34.Bxe6 fxe6 
35.Qc3 Nxg4 36.Nxg4 Qxg4+ 37.Qf3 Qg6 38.Rb2 Nd3 39.Rc2 Nb4 40.Bxb4 axb4 
41.Rg2 1-0

[Event "VIII Festival A"]
[Site "Verona ITA"]
[Date "2002.01.02"]
[Round "1"]
[White "Castaldo, Folco"]
[Black "Godena, Michele"]
[Result "0-1"]
[WhiteElo "2295"]
[BlackElo "2487"]
[PlyCount "78"]
[EventDate "2002.01.02"]

1.d4 d5 2.c4 e6 3.Nf3 Nf6 4.g3 dxc4 5.Qa4+ c6 6.Qxc4 b5 7.Qc2 Bb7 8.Bg2 
Nbd7 9.O-O c5 10.a4 a6 11.axb5 axb5 12.Rxa8 Qxa8 13.dxc5 Bxc5 14.Na3 b4 
15.Nc4 O-O 16.Be3 Be7 17.Rc1 Rc8 18.Qd1 Bd5 19.Nb6 Nxb6 20.Bxb6 h6 21.Ne1 
Rxc1 22.Qxc1 Bxg2 23.Nxg2 Qa6 24.Bd4 Qxe2 25.Nf4 Qe4 26.Be3 Ng4 27.Ng2 Bf6
28.Bc5 Ne5 29.Ne1 b3 30.Qd1 Qxe1+ 31.Qxe1 Nf3+ 32.Kf1 Nxe1 33.Kxe1 Bxb2 
34.Ke2 e5 35.f3 Bd4 36.Ba3 f5 37.Kd3 Kf7 38.f4 Kf6 39.fxe5+ Kxe5 0-1

[Event "VIII Festival A"]
[Site "Verona ITA"]
[Date "2002.01.02"]
[Round "1"]
[White "Del Monaco, Andrea"]
[Black "Mukic, Josko"]
[Result "1/2-1/2"]
[WhiteElo "2192"]
[BlackElo "2379"]
[PlyCount "117"]
[EventDate "2002.01.02"]

1.e4 d5 2.exd5 Nf6 3.d4 Nxd5 4.Nf3 g6 5.Bc4 Bg7 6.O-O O-O 7.h3 Nc6 8.c3 
Bf5 9.Bg5 h6 10.Bh4 Qd7 11.Bg3 Rad8 12.Re1 Rfe8 13.Ne5 Nxe5 14.Bxe5 Nb6 
15.Bb3 Bxe5 16.Rxe5 Qd6 17.Nd2 Nd7 18.Re1 e5 19.Nc4 Qf6 20.Qf3 exd4 21.
cxd4 b5 22.Na5 Kg7 23.Nc6 Ra8 24.Rxe8 Rxe8 25.Nxa7 Qxd4 26.Rd1 Qf6 27.Nxb5
Ne5 28.Qg3 Re7 29.Nc3 c6 30.Ne2 Nd3 31.Nf4 Nxf4 32.Qxf4 Qxb2 33.Rd8 Re1+ 
34.Kh2 Qa1 35.Qd4+ Qxd4 36.Rxd4 Be6 37.Bxe6 Rxe6 38.a4 Kf6 39.Kg3 Ke5 40.
Rd7 f5 41.Kf3 c5 42.Ke3 Ra6 43.f4+ Ke6 44.Rg7 Kd5 45.Kd3 Rxa4 46.Rxg6 Ra3+
47.Kc2 Kc4 48.g4 Rxh3 49.gxf5 Rh2+ 50.Kd1 Kd5 51.f6 Ke6 52.f5+ Kf7 53.Rg7+
Kxf6 54.Rc7 Kxf5 55.Rxc5+ Kg4 56.Ke1 Rg2 57.Kf1 Rg3 58.Kf2 Kh4 59.Rh5+ 
1/2-1/2

[Event "VIII Festival A"]
[Site "Verona ITA"]
[Date "2002.01.02"]
[Round "1"]
[White "Guido, Flavio"]
[Black "Palac, Mladen"]
[Result "0-1"]
[WhiteElo "2351"]
[BlackElo "2580"]
[PlyCount "46"]
[EventDate "2002.01.02"]

1.e4 c5 2.c3 Nf6 3.e5 Nd5 4.d4 cxd4 5.Nf3 d6 6.Bc4 Nb6 7.Bb3 dxe5 8.Nxe5 
e6 9.cxd4 Nc6 10.Nxc6 bxc6 11.O-O Be7 12.Be3 O-O 13.Nc3 Ba6 14.Re1 Nd5 15.
Nxd5 cxd5 16.Qd2 Qb6 17.Rec1 Bb5 18.Qc3 Bd6 19.Bd1 a5 20.a3 a4 21.b4 axb3 
22.Qxb3 Qa5 23.a4 Qe1# 0-1

[Event "VIII Festival A"]
[Site "Verona ITA"]
[Date "2002.01.02"]
[Round "1"]
[White "Ivanov, Jordan"]
[Black "Medancic, Rikard"]
[Result "1-0"]
[WhiteElo "2410"]
[BlackElo "2260"]
[PlyCount "107"]
[EventDate "2002.01.02"]

1.d4 d5 2.Nf3 Nf6 3.c4 dxc4 4.e3 e6 5.Bxc4 c5 6.O-O a6 7.Bd3 Nc6 8.Nc3 Be7
9.dxc5 Bxc5 10.a3 O-O 11.b4 Be7 12.Bb2 Qc7 13.Rc1 Rd8 14.Qe2 Bd7 15.Bb1 
Rac8 16.Na4 Qb8 17.Nb6 Rc7 18.Qc2 Kf8 19.Ng5 h6 20.Nh7+ Ke8 21.Qg6 Nxh7 
22.Qxh7 Bf6 23.Bxf6 gxf6 24.Qxh6 Ke7 25.Qh5 Ne5 26.f4 Rh8 27.Qd1 Ng6 28.
Qd4 Bb5 29.Rfd1 Rxc1 30.Rxc1 Bc6 31.Be4 Bxe4 32.Qd7+ Kf8 33.Rc8+ Kg7 34.
Rxb8 Rxb8 35.Qd4 Bc6 36.Nd7 e5 37.fxe5 Rd8 38.e6 Bxd7 39.Qb6 Bxe6 40.Qxd8 
Ne5 41.e4 Bd7 42.Kf2 Bc6 43.Ke3 Nd7 44.g4 Nf8 45.g5 Nd7 46.h4 fxg5 47.
Qxg5+ Kh7 48.h5 Nf8 49.Qf6 Kg8 50.Kd4 Ne6+ 51.Ke5 Nf8 52.Qd8 f6+ 53.Kxf6 
Bd7 54.Ke7 1-0

[Event "VIII Festival A"]
[Site "Verona ITA"]
[Date "2002.01.02"]
[Round "1"]
[White "Manca, Federico"]
[Black "Piantoni, Roberto"]
[Result "1/2-1/2"]
[WhiteElo "2358"]
[BlackElo "2174"]
[PlyCount "56"]
[EventDate "2002.01.02"]

1.e4 Nf6 2.e5 Nd5 3.Nc3 Nxc3 4.bxc3 d5 5.Nf3 c5 6.d4 Nc6 7.dxc5 Qa5 8.Bd2 
Qc7 9.Bf4 e6 10.Bd3 f5 11.Nd4 Bxc5 12.Nb5 Qa5 13.O-O a6 14.Nd6+ Bxd6 15.
exd6 Qxc3 16.Qh5+ g6 17.Qh6 Kf7 18.Rab1 b5 19.Bd2 Qc5 20.a4 b4 21.Qf4 d4 
22.Qf3 a5 23.Bb5 Bd7 24.Qg3 e5 25.Rfe1 Rae8 26.Re2 Qxd6 27.Rbe1 f4 28.Qf3 
Kf6 1/2-1/2

[Event "VIII Festival A"]
[Site "Verona ITA"]
[Date "2002.01.02"]
[Round "1"]
[White "Mrdja, Milan"]
[Black "Giretti Kanev, Jasen"]
[Result "1-0"]
[WhiteElo "2399"]
[BlackElo "2199"]
[PlyCount "58"]
[EventDate "2002.01.02"]

1.e4 e6 2.d4 d5 3.Nc3 dxe4 4.Nxe4 Nf6 5.Nxf6+ gxf6 6.Nf3 b6 7.Bb5+ c6 8.
Bc4 Ba6 9.Bxa6 Nxa6 10.c4 Bb4+ 11.Kf1 Qd7 12.Qe2 Be7 13.g3 O-O-O 14.Kg2 c5
15.Rd1 cxd4 16.Rxd4 Qc6 17.Kg1 Bc5 18.Rh4 Nb4 19.Bh6 Nd3 20.Rf1 Rhg8 21.
Be3 h5 22.Nd4 Bxd4 23.Bxd4 Rxd4 24.Rxd4 Ne5 25.Rf4 Rg4 26.Rxf6 Rxc4 27.
Qxh5 Qc5 28.Rxf7 Nxf7 29.Qxf7 Qd5 1-0

[Event "VIII Festival A"]
[Site "Verona ITA"]
[Date "2002.01.02"]
[Round "1"]
[White "Ortega, Lexy"]
[Black "Ferretti, Folco"]
[Result "1-0"]
[WhiteElo "2481"]
[BlackElo "2286"]
[PlyCount "112"]
[EventDate "2002.01.02"]

1.d4 Nf6 2.Nf3 b5 3.Bf4 Bb7 4.e3 a6 5.Nbd2 e6 6.Bd3 c5 7.c3 Be7 8.O-O O-O 
9.e4 d6 10.Qe2 Nbd7 11.Rfd1 Qc7 12.e5 dxe5 13.dxe5 Nd5 14.Bg3 c4 15.Bc2 
Rfd8 16.Ne4 Nf8 17.Nd6 f5 18.Nxb7 Qxb7 19.h4 Ng6 20.Nd4 Ndf4 21.Qf1 Qb6 
22.a4 bxa4 23.Rxa4 Nd3 24.Bxd3 cxd3 25.h5 Nf8 26.b4 g5 27.hxg6 Nxg6 28.f4 
Rxd4 29.cxd4 Qxd4+ 30.Qf2 Qc4 31.Qa2 Qxa2 32.Rxa2 Bxb4 33.Rxd3 a5 34.Kf1 
Rc8 35.Rd4 Ne7 36.Ke2 Rc1 37.Rd1 Rc4 38.Be1 Re4+ 39.Kf2 Rxf4+ 40.Kg3 Rg4+ 
41.Kh2 Nd5 42.Rc1 Kg7 43.Bxb4 axb4 44.Rc6 Rg6 45.Raa6 Ne3 46.Rxe6 Rxg2+ 
47.Kh3 Rg6 48.Ra7+ Kh6 49.Rxg6+ Kxg6 50.Kg3 b3 51.Kf4 b2 52.Rb7 Nc4 53.e6 
Kf6 54.e7 Kf7 55.Rb4 Kxe7 56.Kxf5 Kd6 1-0

[Event "VIII Festival A"]
[Site "Verona ITA"]
[Date "2002.01.02"]
[Round "1"]
[White "Piscopo, Pierluigi"]
[Black "Janev, Evgeni"]
[Result "0-1"]
[WhiteElo "2256"]
[BlackElo "2498"]
[PlyCount "68"]
[EventDate "2002.01.02"]

1.e4 Nf6 2.e5 Nd5 3.Nc3 Nb6 4.d4 d6 5.f4 g6 6.Nf3 Bg7 7.Bb5+ c6 8.Bd3 Na6 
9.a3 O-O 10.Be3 Nc7 11.h4 Nbd5 12.Nxd5 Nxd5 13.Bd2 dxe5 14.fxe5 Bg4 15.h5 
Qd7 16.Qe2 c5 17.dxc5 Rac8 18.c4 Nc7 19.O-O-O Ne6 20.Be3 Qc7 21.Rh4 Bxf3 
22.gxf3 Qxe5 23.hxg6 hxg6 24.Re4 Qf6 25.Kb1 Rfd8 26.Rd2 Rd7 27.Rg4 Rcd8 
28.Rg2 Qe5 29.Rf2 Nxc5 30.f4 Qc7 31.Bxc5 Qxc5 32.f5 Rxd3 33.Rxd3 Rxd3 34.
fxg6 Qd4 0-1

[Event "VIII Festival A"]
[Site "Verona ITA"]
[Date "2002.01.02"]
[Round "1"]
[White "Zelcic, Robert"]
[Black "Mussanti, Diego"]
[Result "1-0"]
[WhiteElo "2544"]
[BlackElo "2281"]
[PlyCount "80"]
[EventDate "2002.01.02"]

1.e4 c5 2.Nf3 e6 3.d4 cxd4 4.Nxd4 Nc6 5.Be2 Nf6 6.Nxc6 bxc6 7.Nd2 d5 8.Bd3
Be7 9.O-O O-O 10.Qe2 a5 11.a4 Qb6 12.e5 Nd7 13.Nf3 Ba6 14.Be3 Bxd3 15.Qxd3
Qc7 16.Bf4 Rab8 17.b3 Rb4 18.Bd2 Nc5 19.Qe3 Re4 20.Qc3 Ra8 21.Nd4 Qxe5 22.
Nxc6 Qc7 23.Nxe7+ Qxe7 24.Rad1 Rb4 25.Qf3 Rb7 26.Rfe1 Ne4 27.Bf4 Qc5 28.c4
Rxb3 29.Qxb3 Qxf2+ 30.Kh1 Qxf4 31.Rf1 Qh4 32.Qf3 Ng5 33.Qe3 dxc4 34.Rd4 
Qh5 35.Rxc4 h6 36.Qd3 e5 37.Qf5 Re8 38.Rc8 f6 39.Rfc1 Rxc8 40.Rxc8+ Kf7 
1-0

[Event "VIII Festival A"]
[Site "Verona ITA"]
[Date "2002.01.03"]
[Round "2"]
[White "Borgo, Giulio"]
[Black "Zelcic, Robert"]
[Result "0-1"]
[WhiteElo "2417"]
[BlackElo "2544"]
[PlyCount "58"]
[EventDate "2002.01.02"]

1.e4 c6 2.d4 d5 3.Nd2 dxe4 4.Nxe4 Bf5 5.Ng3 Bg6 6.h4 h6 7.Nh3 Nf6 8.Nf4 
Bh7 9.Bc4 e6 10.c3 Bd6 11.Ngh5 Rg8 12.Qe2 Qe7 13.Nxf6+ Qxf6 14.Nxe6 fxe6 
15.Bg5 hxg5 16.hxg5 Qe7 17.Qxe6 Qxe6+ 18.Bxe6 Ke7 19.Bb3 Rh8 20.g6 Nd7 21.
gxh7 Nf6 22.Bc2 Kf7 23.g3 Rae8+ 24.Kf1 Re7 25.Bd3 c5 26.dxc5 Bxc5 27.Rh4 
g5 28.Rc4 Bb6 29.Kg2 Rd7 0-1

[Event "VIII Festival A"]
[Site "Verona ITA"]
[Date "2002.01.03"]
[Round "2"]
[White "Ferretti, Folco"]
[Black "Guido, Flavio"]
[Result "1/2-1/2"]
[WhiteElo "2286"]
[BlackElo "2351"]
[PlyCount "105"]
[EventDate "2002.01.02"]

1.c4 Nf6 2.Nc3 c5 3.Nf3 e6 4.g3 b6 5.Bg2 Bb7 6.O-O Be7 7.d4 cxd4 8.Qxd4 d6
9.Rd1 a6 10.b3 Nbd7 11.Bb2 O-O 12.Ng5 Bxg2 13.Kxg2 Qc7 14.Nge4 Rfd8 15.
Nxf6+ Nxf6 16.e4 Qb7 17.a4 Rac8 18.f3 Bf8 19.Rac1 Nd7 20.Qe3 Nc5 21.Ne2 b5
22.axb5 axb5 23.Ba1 bxc4 24.bxc4 Ra8 25.Bd4 Rdc8 26.Ra1 Qb4 27.Qc3 Qxc3 
28.Bxc3 Ra4 29.e5 dxe5 30.Rxa4 Nxa4 31.Bxe5 Nb6 32.Bd4 Nxc4 33.Rc1 h5 34.
h3 Nd6 35.Rxc8 Nxc8 36.g4 hxg4 37.hxg4 Bd6 38.f4 Ne7 39.Kf3 f5 40.Ng3 g6 
41.Be3 Nd5 42.Bc1 Kf7 43.Bd2 Ke8 44.Bc1 Kd7 45.Ne2 Bc5 46.Bb2 Kc6 47.Be5 
Kb5 48.gxf5 gxf5 49.Ng3 Kc4 50.Nh5 Bd4 51.Ng7 Bxe5 52.fxe5 Nc7 53.Nxf5 
1/2-1/2